| Record ID | ia:diamondriverman00cunn |
| Source | Internet Archive |
| Download MARC XML | https://archive.org/download/diamondriverman00cunn/diamondriverman00cunn_marc.xml |
| Download MARC binary | https://www.archive.org/download/diamondriverman00cunn/diamondriverman00cunn_meta.mrc |
LEADER: 01237cam a2200337 a 4500
001 8457909
005 20230321111210.0
008 751016s1934 mau 000 1 eng
010 $a 34004198
019 $a70298677
035 $a(OCoLC)ocm01709423
035 $a(OCoLC)1709423$z(OCoLC)70298677
040 $aDLC$beng$cJPL$dOSU$dOCLCG$dOCLCO$dOCLCF$dOCLCQ$dOCLCO$dOCLCQ
050 0 $aPZ3.C91685$bDi
082 04 $aFic
100 1 $aCunningham, Eugene,$d1896-1957.
245 10 $aDiamond river man /$cby Eugene Cunningham.
260 $aBoston ;$aNew York :$bHoughton Mifflin Company ;$aCambridge :$bThe Riverside Press,$c1934.
300 $a270 pages ;$c20 cm
336 $atext$btxt$2rdacontent
337 $aunmediated$bn$2rdamedia
338 $avolume$bnc$2rdacarrier
650 0 $aCowboys$vFiction.
650 0 $aRanch life$vFiction.
650 0 $aWestern stories.
650 6 $aCowboys$vRomans, nouvelles, etc.
650 6 $aVie au ranch$vRomans, nouvelles, etc.
655 7 $aFiction.$2fast$0(OCoLC)fst01423787
948 $hHELD BY BRL - 19 OTHER HOLDINGS
852 $aBPL - Special Collections$kHOUGHTON MIFFLIN$o9$p39999097746042$rIn$wBook$y1$7False$90
999 $bPZ3.C91685 Di$c0$g1$h1$i1$j1$k0$xPZ3.C91685 Di$z0$!2